Vysoké odvody sú veľkou záťažou

Voľných 200-tisíc ľudí na slovenskom pracovnom trhu. Slabé vzdelanie, neefektívna podpora regiónov a bariéry podnikania. Minimálna mzda ako bariéra zamestnávania. Rigidný zákonník práce. Ubúdanie malých a stredných podnikov. Vysoké odvodové zaťaženie. Vývoj počtu malých a stredných podnikov v SR (20...

Descripción completa

Guardado en:
Detalles Bibliográficos
Autor principal: Kollárová, Zuzana
Formato: Capítulo de libro
Lenguaje:eslovaco
Materias:
Etiquetas: Agregar Etiqueta
Sin Etiquetas, Sea el primero en etiquetar este registro!

MARC

LEADER 00000naa a2200000 4500
001 0229418
005 20221104112833.6
041 0 |a slo 
044 |a SK 
245 1 0 |a Vysoké odvody sú veľkou záťažou  |c Zuzana Kollárová 
520 |a Voľných 200-tisíc ľudí na slovenskom pracovnom trhu. Slabé vzdelanie, neefektívna podpora regiónov a bariéry podnikania. Minimálna mzda ako bariéra zamestnávania. Rigidný zákonník práce. Ubúdanie malých a stredných podnikov. Vysoké odvodové zaťaženie. Vývoj počtu malých a stredných podnikov v SR (2008-2016). 
610 2 0 |a podnik malý 
610 2 0 |a podnik stredný 
610 2 0 |a podnikanie 
610 2 0 |a bariéry podnikania 
610 2 0 |a odvody 
610 2 0 |a mzdy minimálne 
610 2 0 |a nezamestnanosť 
610 2 0 |a Slovensko 
100 1 |a Kollárová, Zuzana